Normal view
MARC view
- الحصري، ابو خلدون ساطع 1883-1968
Entry Personal Name
001 - CONTROL NUMBER
- control field: 14587
003 - CONTROL NUMBER IDENTIFIER
- control field: JO-AjAnu
005 - DATE AND TIME OF LATEST TRANSACTION
- control field: 20230606072629.0
008 - FIXED-LENGTH DATA ELEMENTS
- fixed length control field: 230606|| aca||aabn | a|a d
040 ## - CATALOGING SOURCE
- Original cataloging agency: JO-AjAnu
- Transcribing agency: JO-AjAnu
100 ## - HEADING--PERSONAL NAME
- Personal name: الحصري، ابو خلدون ساطع 1883-1968
670 ## - SOURCE DATA FOUND
- Source citation: Work cat.: (JO-AjAnu)7493: الحصري، ابو خلدون ساطع 1883-1968, author, دفاع عن العروبة